| 000 | 00347nam a2200121Ia 4500 | ||
|---|---|---|---|
| 008 | 241028s9999 xx 000 0 und d | ||
| 041 | _aeng | ||
| 082 | _a658.408 MAS | ||
| 100 | _aJamie Mason | ||
| 245 | _aSustainable Business Models: Innovation, Implementation And Success | ||
| 260 |
_bClanrye International _aUSA _c2023 |
||
| 300 | _a235;.p. 28 cm | ||
| 999 |
_c42775 _d42775 |
||